Statistics for Boston Celtics Quiz For Gabriel Bento

Click here to take the quiz!

General Stats

  • This quiz has been taken 24 times
  • The average score is 7 of 9

Answer Stats

QuestionAnswer% Correct
How many championships have the Celtics won17
100%
What team did Kyrie play for before the celticsCavs
96%
Who is there best playerKyrie Irving
83%
Who is there starting shooting guardJaylen Brown
83%
Who is there starting CenterAl horford
78%
What team does everybody think Kyrie is going toKnicks
78%
Who is there backup point guardTerry Rozier
74%
Who is there starting small forwardJayson Tatum
57%
who is there starting power forwardMarcus Morris
52%

Score Distribution

Percentile by Number Answered

Percent of People with Each Score

Your Score History

You have not taken this quiz